| 000 | 01426nam a22002417a 4500 | ||
|---|---|---|---|
| 003 | BJBSDDR | ||
| 005 | 20251203114508.0 | ||
| 007 | ta | ||
| 008 | 251203s2017 fr ||||| |||| 00| 0 fre d | ||
| 020 | _a9782130796107 | ||
| 020 | _a2130796109 | ||
| 040 |
_bspa _cBJBSDDR |
||
| 041 | _afre | ||
| 050 | _bE56g 2017 | ||
| 100 | 1 |
_aEncel, Frédéric, _d1969- _927213 |
|
| 245 | 1 | 0 |
_aGéopolitique du Printemps arabe / _cFrédéric Encel, Yves Lacoste |
| 260 |
_aParis : _bP.U.F., _c2020 |
||
| 300 |
_a286 pages ; _b19 cm |
||
| 520 | _aLa patrie est en danger. Non pas comme en 1793 à cause d'une guerre aux frontières ou d'une région en rébellion, mais sous les assauts conjugués d'une idéologie mortifère - l'islamisme radical - et de la complaisance d'intellectuels vis-à-vis de ce fléau anti-laïc et antirépublicain. De quel poids pèse la question postcoloniale, algérienne en particulier? Comment comprendre la relation des Français à leur nation? Pourquoi sommes-nous haïs et frappés par l'islamisme radical? Qu'est-ce que l'islamo-gauchisme? Qu'en est-il de notre grand récit national? Quelles solutions pour l'emporter? Plus que jamais notre nation - forte de la République démocratique qui l'encadre et la conduit - demeure un précieux legs et un puissant rempart face aux menaces d'une guerre civile | ||
| 700 | 1 |
_aLacoste, Yves, _d1929- _95644 |
|
| 942 |
_2lcc _n0 _cBK |
||
| 946 | _icmc | ||
| 999 |
_c126037 _d126037 |
||